01102nam a22002297a 450000500170000000800410001704000250005804100080008304400070009108200160009811100720011424501620018625000180034826000270036630000280039350502700042165000680069165000340075965000220079370000260081570000310084120180803170132.0150707b2007 pe ||||| |||| 00| 0 spa d aCO-BoIAVHcCO-BoIAVH0 aspa ape 4a577.1bT69e1 aMemorias del Primer Conversatorio-cPiura,d12 de diciembre de 20071 aEconomías sanas en ambientes sanos:bLos páramos, el agua y la biodiversidad para el desarrollo y competitividad agraria del norte peruano/cFidel Torres aTorres, Fidel3 aLima:bINCAGRO,c2008. a65 p.bil. tab.c30 cm. aPt. 1 Importancia estratégica del ecosistema páramo. Pt. 2 Estado del conocimiento de los páramos en el Perú y acciones de conservación. Pt. 3 Institucionalización del rol de los páramos. Pt. 4 Páramos en la competitividad agraria del norte peruano. 4aConservación de páramosv Congresos, conferencias, memorias 4aConservación de ecosistemas 4aPáramoszPerú1 aTorres, FideleEditor1 aRecharte B., JorgeeEditor